| 000 | 00525nam a2200193Ia 4500 | ||
|---|---|---|---|
| 008 | 170705s9999 xx 000 0 und d | ||
| 020 | _a9780439660464 | ||
| 245 | _aResearch guide : | ||
| 245 | _btwisters and other terrible storms / | ||
| 245 | _cWill Osborne and Mary Pope Osborne ; illustrated by Sal Murdocca. | ||
| 260 | _aNew York : | ||
| 260 | _bScholastic, | ||
| 260 | _c2003 | ||
| 300 | _a119 pages : | ||
| 300 | _bcolor illustration ; | ||
| 300 | _c19cm. | ||
| 440 | _aMagic tree house. | ||
| 500 | _a680 | ||
| 999 |
_c336237 _d336237 |
||